[Event "Open Portugal 2019"]
[Site "Lisboa POR"]
[Date "2019.02.05"]
[Round "5.90"]
[White "Cabaça, André"]
[Black "Rionda Medio, Ángel"]
[Result "0-1"]
[WhiteElo "1705"]
[BlackElo "1992"]
[WhiteFideId "1923552"]
[BlackFideId "2238934"]
[WhiteCountry "POR"]
[BlackCountry "ESP"]
[PlyCount "102"]
[EventDate "2019.02.02"]

1. e4 e6 2. d4 d5 3. Nd2 Nc6 4. c3 Nf6 5. e5 Nd7 6. Bd3 Ne7 7. Ne2 c5 8. O-O Nc6
9. f4 f5 10. exf6 Nxf6 11. Nf3 Bd7 12. Ne5 Bd6 13. Qe1 O-O 14. Be3 Qb6 15. Qh4
Rad8 16. Rf3 Ne4 17. Rh3 h6 18. Qg4 Rf6 19. Ng3 cxd4 20. cxd4 Nxg3 21. Rxg3 Bf8
22. Ng6 e5 23. Qh4 e4 24. Be2 Qxb2 25. Re1 Nxd4 26. Bg4 Nc2 27. Re2 Qb1+ 28. Kf2
d4 29. Bxd4 Nxd4 30. Bxd7 Rxd7 31. Ne5 e3+ 32. Rexe3 Qb2+ 33. Kf1 Qc1+ 34. Kf2
Qd2+ 35. Kf1 Rc7 36. Nd3 Rxf4+ 37. Qxf4 Rf7 38. Qxf7+ Kxf7 39. Ne5+ Kg8 40. Ng4
Nf5 41. Re2 Nxg3+ 42. hxg3 Qd1+ 43. Kf2 Bc5+ 44. Kf3 Qf1+ 45. Nf2 Bxf2 46. Rxf2
Qd3+ 47. Kf4 g5+ 48. Kg4 Kg7 49. Kh3 b5 50. Rf3 Qe2 51. Rb3 Qh5# 0-1

[Event "Open Portugal 2019"]
[Site "Lisboa POR"]
[Date "2019.02.05"]
[Round "5.91"]
[White "Barrento, Jorge"]
[Black "Barbier, Astrid"]
[Result "1-0"]
[WhiteElo "1701"]
[BlackElo "1945"]
[WhiteFideId "1906500"]
[BlackFideId "200395"]
[WhiteCountry "POR"]
[BlackCountry "BEL"]
[PlyCount "127"]
[EventDate "2019.02.02"]

1. d4 f5 2. e4 fxe4 3. Nc3 Nf6 4. Bg5 c6 5. f3 Qa5 6. Bxf6 exf6 7. fxe4 Bb4 8.
Qd2 O-O 9. Nge2 Re8 10. O-O-O Rxe4 11. a3 Bxc3 12. Nxc3 Re8 13. Re1 Rxe1+ 14.
Qxe1 Qd8 15. d5 Na6 16. Bc4 b5 17. Ba2 Kh8 18. Qe3 Bb7 19. d6 b4 20. axb4 Nxb4
21. Re1 Nd5 22. Nxd5 cxd5 23. Qe7 Bc6 24. Rd1 Qa5 25. Bb1 Rb8 26. Re1 Qd8 27. g3
Qc8 28. c3 a5 29. Qe2 Qg8 30. h4 a4 31. h5 Qf7 32. g4 Rc8 33. Qd3 Qg8 34. Re7 h6
35. Qe2 Rb8 36. Bg6 Ra8 37. Bf7 Qf8 38. Qd3 Rb8 39. Bxd5 Bb5 40. c4 Rc8 41. Kd2
Bc6 42. Qf5 Bxd5 43. Qxd5 Qd8 44. Qf7 Qa5+ 45. Kd1 Rg8 46. Re8 Rxe8 47. Qxe8+
Kh7 48. Qxd7 Qb6 49. Qf5+ Kg8 50. d7 Qd4+ 51. Ke2 Qxb2+ 52. Kd3 Qb3+ 53. Kd4
Qb6+ 54. c5 Qb2+ 55. Kd5 Qb7+ 56. c6 Qb3+ 57. Kc5 Qe3+ 58. Kb5 Qe2+ 59. Kb6 Qe3+
60. Qc5 Qb3+ 61. Ka7 Qf7 62. Qd6 Kh7 63. Qd3+ Kg8 64. c7 1-0

[Event "Open Portugal 2019"]
[Site "Lisboa POR"]
[Date "2019.02.05"]
[Round "5.92"]
[White "Moretti, Filippo"]
[Black "Guia, Artur"]
[Result "1-0"]
[WhiteElo "1928"]
[BlackElo "1686"]
[WhiteFideId "2805001"]
[BlackFideId "1946781"]
[WhiteCountry "ITA"]
[BlackCountry "POR"]
[PlyCount "91"]
[EventDate "2019.02.02"]

1. e4 e5 2. Nf3 Nc6 3. d4 exd4 4. Nxd4 Bc5 5. Be3 Qf6 6. c3 Nge7 7. g3 d5 8. Bg2
dxe4 9. Nd2 Nxd4 10. Nxe4 Qg6 11. Bxd4 Bxd4 12. Qxd4 O-O 13. O-O Nc6 14. Qe3 f5
15. Nc5 f4 16. Qe2 Qf7 17. Bf3 Kh8 18. Kg2 Qf5 19. Nd3 Qh3+ 20. Kg1 fxg3 21.
fxg3 Bf5 22. Bxc6 Bxd3 23. Qxd3 bxc6 24. Rf3 Rad8 25. Raf1 Qc8 26. Qe2 h6 27.
Qe7 Rxf3 28. Rxf3 Rd1+ 29. Kf2 Qg4 30. Qe3 Rd8 31. Kg2 Qg6 32. Rf2 a5 33. Qf3
Kh7 34. Qf5 Qxf5 35. Rxf5 Rd2+ 36. Rf2 Rd5 37. Kf3 Kg6 38. Ke4 Rd1 39. Ke3 h5
40. Rd2 Rxd2 41. Kxd2 Kg5 42. a4 Kg4 43. b4 Kh3 44. bxa5 Kxh2 45. a6 Kxg3 46. a7
1-0

[Event "Open Portugal 2019"]
[Site "Lisboa POR"]
[Date "2019.02.05"]
[Round "5.93"]
[White "Castanheira, António"]
[Black "Bártolo, Filipe"]
[Result "0-1"]
[WhiteElo "1875"]
[BlackElo "1666"]
[WhiteFideId "1901788"]
[BlackFideId "1942565"]
[WhiteCountry "POR"]
[BlackCountry "POR"]
[PlyCount "106"]
[EventDate "2019.02.02"]

1. c4 Nf6 2. Nc3 g6 3. g3 Bg7 4. Bg2 O-O 5. e3 c5 6. Nge2 Nc6 7. O-O a6 8. d4
cxd4 9. exd4 d6 10. h3 Qc7 11. Bg5 e6 12. Qd2 b6 13. Bxf6 Bxf6 14. d5 Ne5 15.
Qf4 Bg7 16. b3 Bb7 17. Qd2 Rac8 18. f4 Nd7 19. Rad1 e5 20. f5 Nf6 21. g4 b5 22.
g5 Ne8 23. f6 Bh8 24. cxb5 axb5 25. Kh1 b4 26. Ne4 Qb6 27. Rc1 Nc7 28. N2g3 Qa5
29. Rfd1 Nb5 30. Rc4 Rxc4 31. bxc4 Nc3 32. Nxc3 bxc3 33. Qc2 h6 34. h4 Rc8 35.
Bf1 Ba6 36. Ne4 Bxc4 37. Nxd6 Bxd5+ 38. Bg2 Bxg2+ 39. Kxg2 Qa8+ 40. Kg3 Rc6 41.
Qd3 Qf8 42. Ne4 c2 43. Rc1 Qc8 44. Qd5 h5 45. Qxe5 Qg4+ 46. Kf2 Qxh4+ 47. Kg1
Qg4+ 48. Kf2 Qd7 49. Qe7 Qf5+ 50. Ke2 Re6 51. Qxe6 fxe6 52. Kd3 Qd5+ 53. Ke3 Qd1
0-1

[Event "Open Portugal 2019"]
[Site "Lisboa POR"]
[Date "2019.02.05"]
[Round "5.94"]
[White "Quintino, Luís"]
[Black "Pereira, André Marques"]
[Result "1-0"]
[WhiteElo "1868"]
[BlackElo "1604"]
[WhiteFideId "1904086"]
[BlackFideId "2116774"]
[WhiteCountry "POR"]
[BlackCountry "POR"]
[PlyCount "83"]
[EventDate "2019.02.02"]

1. d4 Nf6 2. Bg5 d5 3. Nc3 h6 4. Bf4 c6 5. Nf3 Bf5 6. e3 e6 7. Bd3 Bxd3 8. Qxd3
Bd6 9. Bxd6 Qxd6 10. Ne5 O-O 11. O-O Na6 12. a3 Nd7 13. f4 Nxe5 14. fxe5 Qe7 15.
Rf4 f5 16. exf6 Rxf6 17. Rxf6 Qxf6 18. Rf1 Qe7 19. Qg6 Rf8 20. Rxf8+ Kxf8 21.
Ne2 Qf6 22. Nf4 Qxg6 23. Nxg6+ Kf7 24. Ne5+ Ke7 25. Kf2 Nb8 26. Kf3 Nd7 27. Nxd7
Kxd7 28. h4 Ke7 29. Kf4 Kf6 30. h5 g5+ 31. hxg6 Kxg6 32. Ke5 Kg5 33. Kxe6 h5 34.
c4 Kg4 35. cxd5 cxd5 36. Kxd5 Kg3 37. e4 Kxg2 38. e5 h4 39. e6 h3 40. e7 h2 41.
e8=Q h1=Q 42. Qe4+ 1-0

[Event "Open Portugal 2019"]
[Site "Lisboa POR"]
[Date "2019.02.05"]
[Round "5.95"]
[White "Gonçalves, Gabriel"]
[Black "Santos, Ana P"]
[Result "1-0"]
[WhiteElo "1845"]
[BlackElo "1563"]
[WhiteFideId "1945610"]
[BlackFideId "1921550"]
[WhiteCountry "POR"]
[BlackCountry "POR"]
[PlyCount "59"]
[EventDate "2019.02.02"]

1. f4 e6 2. Nf3 d5 3. e3 a6 4. Be2 Bd6 5. d3 c5 6. a4 Nf6 7. O-O Nc6 8. Nc3 Qc7
9. Qe1 d4 10. Ne4 Nxe4 11. dxe4 dxe3 12. e5 Be7 13. Bxe3 Nb4 14. Rc1 Bd7 15. b3
Nd5 16. Bd3 f6 17. c4 Nxe3 18. Qxe3 Kf7 19. Rce1 h5 20. f5 Bc6 21. exf6 gxf6 22.
Qxe6+ Kf8 23. Nh4 Be8 24. Ng6+ Bxg6 25. fxg6 Bd8 26. g7+ Kxg7 27. Re3 h4 28.
Qg4+ Kf8 29. Rfe1 Qf7 30. Bg6 1-0

[Event "Open Portugal 2019"]
[Site "Lisboa POR"]
[Date "2019.02.05"]
[Round "5.96"]
[White "Marcos Herrero, Francisco"]
[Black "Costa, Fábio"]
[Result "1-0"]
[WhiteElo "1837"]
[BlackElo "1279"]
[WhiteFideId "2279045"]
[BlackFideId "1961063"]
[WhiteCountry "ESP"]
[BlackCountry "POR"]
[PlyCount "41"]
[EventDate "2019.02.02"]

1. d4 Nf6 2. c4 e6 3. g3 d5 4. Nf3 Be7 5. Bg2 O-O 6. O-O dxc4 7. Na3 Bxa3 8.
bxa3 c6 9. Ne5 Nd5 10. Nxc4 Nd7 11. e4 N5b6 12. Ne3 Nf6 13. a4 a5 14. Ba3 Re8
15. Rb1 Nbd7 16. Nc4 Qc7 17. e5 Nd5 18. Nd6 Rf8 19. Ne4 Re8 20. Qh5 b6 21. Ng5
1-0

[Event "Open Portugal 2019"]
[Site "Lisboa POR"]
[Date "2019.02.05"]
[Round "5.97"]
[White "Selva Salvador, Antonio"]
[Black "Palhas, Miguel Brando"]
[Result "1-0"]
[WhiteElo "1825"]
[BlackElo "1416"]
[WhiteFideId "2223821"]
[BlackFideId "1961349"]
[WhiteCountry "ESP"]
[BlackCountry "POR"]
[PlyCount "91"]
[EventDate "2019.02.02"]

1. Nf3 Nf6 2. d4 e6 3. Bf4 d5 4. Nbd2 Bd6 5. Bg3 O-O 6. e3 b6 7. Bd3 Bb7 8. c3
Nbd7 9. Rc1 Rc8 10. Bb1 Ba6 11. Ne5 c5 12. Nxf7 Rxf7 13. Bxd6 Ne8 14. Bg3 Qf6
15. Nf3 Qe7 16. Bd3 Bxd3 17. Qxd3 Nef6 18. O-O Ne4 19. Qa6 Rcf8 20. Qe2 Rf5 21.
Nd2 Ndf6 22. Nxe4 Nxe4 23. f3 Ng5 24. Rf2 Qf6 25. Rcf1 Qg6 26. Kh1 Qh5 27. Bd6
Ne4 28. g4 Nxf2+ 29. Rxf2 Qh3 30. gxf5 Rxf5 31. dxc5 bxc5 32. Bxc5 Rf7 33. Bd4
Qf5 34. Qc2 Qh3 35. f4 Qh4 36. Qe2 Qe7 37. b4 Qb7 38. a4 a6 39. a5 Qc6 40. Rg2
g6 41. h4 Rf5 42. Rg5 Kf7 43. h5 e5 44. hxg6+ hxg6 45. Rxf5+ gxf5 46. Qh5+ 1-0

[Event "Open Portugal 2019"]
[Site "Lisboa POR"]
[Date "2019.02.05"]
[Round "5.99"]
[White "Pina, Tiago"]
[Black "Elias, Benjamim"]
[Result "1-0"]
[WhiteElo "1507"]
[BlackElo "1819"]
[WhiteFideId "1950673"]
[BlackFideId "1903578"]
[WhiteCountry "POR"]
[BlackCountry "POR"]
[PlyCount "77"]
[EventDate "2019.02.02"]

1. e4 Nc6 2. d4 d5 3. e5 Bf5 4. Nf3 Qd7 5. Bf4 e6 6. c3 a6 7. Nh4 Be4 8. f3 Bxb1
9. Qxb1 Be7 10. Bd3 Bxh4+ 11. g3 Be7 12. Bxh7 O-O-O 13. b4 g6 14. Bxg8 Rdxg8 15.
Qb3 Na7 16. a4 Qc6 17. O-O Qc4 18. Qb2 Rh5 19. g4 Rh3 20. Bg3 Rgh8 21. b5 a5 22.
b6 Nc6 23. Rfb1 Qa6 24. bxc7 Kxc7 25. c4 dxc4 26. d5 exd5 27. e6+ Bd6 28. Bxd6+
Kxd6 29. exf7 d4 30. Qg2 R3h7 31. Qg3+ Kd7 32. Rb5 Nb4 33. Qf4 Qa7 34. f8=Q d3+
35. Qc5 Qxc5+ 36. Rxc5 Nc6 37. Rb1 Rb8 38. Rd5+ Ke7 39. Re1+ 1-0

[Event "Open Portugal 2019"]
[Site "Lisboa POR"]
[Date "2019.02.05"]
[Round "5.101"]
[White "Paletta, Giuseppe"]
[Black "Javet, Blaise"]
[Result "0-1"]
[WhiteElo "1620"]
[BlackElo "2027"]
[WhiteFideId "804185"]
[BlackFideId "1305026"]
[WhiteCountry "ITA"]
[BlackCountry "SUI"]
[PlyCount "76"]
[EventDate "2019.02.02"]

1. Nf3 Nf6 2. g3 g6 3. Bg2 Bg7 4. O-O O-O 5. d3 d5 6. Nbd2 c5 7. e4 e6 8. Re1
Nc6 9. Nb3 b6 10. a4 Bb7 11. Nbd2 dxe4 12. Nxe4 Nxe4 13. Rxe4 Nb4 14. Re1 a5 15.
Nd2 Bxg2 16. Kxg2 Qd7 17. Nc4 Rad8 18. Kg1 Qc6 19. Bd2 h5 20. Ra3 h4 21. Re4
hxg3 22. hxg3 Rd5 23. Rh4 Rfd8 24. Be3 Rf5 25. Ra1 Nd5 26. c3 Bf6 27. Rh2 Nxe3
28. Nxe3 Rf3 29. Qf1 Kf8 30. Ng4 Bg7 31. Rh7 Rfxd3 32. Rxg7 Kxg7 33. Ne5 Qd5 34.
Nxd3 Qxd3 35. Qe1 Qd5 36. Qe3 Rh8 37. f3 Qh5 38. Kf1 Qh1+ 0-1

[Event "Open Portugal 2019"]
[Site "Lisboa POR"]
[Date "2019.02.05"]
[Round "5.102"]
[White "Bouton, Christophe"]
[Black "Fonseca, Pedro"]
[Result "1-0"]
[WhiteElo "1988"]
[BlackElo "1610"]
[WhiteFideId "603813"]
[BlackFideId "1955624"]
[WhiteCountry "FRA"]
[BlackCountry "POR"]
[PlyCount "61"]
[EventDate "2019.02.02"]

1. e4 e6 2. d3 d5 3. Nd2 c5 4. Ngf3 Nf6 5. g3 Nc6 6. Bg2 Be7 7. O-O O-O 8. e5
Nd7 9. Re1 Qc7 10. Qe2 b6 11. h4 Ba6 12. c4 Nb4 13. Nf1 dxc4 14. dxc4 Rad8 15.
a3 Nc6 16. Bf4 Na5 17. N3d2 Nb8 18. Qg4 Rfe8 19. Bh6 Bf8 20. h5 Rd4 21. f4 Bxc4
22. Bxg7 Bxg7 23. h6 f5 24. exf6 e5 25. Nxc4 Nxc4 26. hxg7 Nd7 27. f7+ Kxf7 28.
Qh5+ Ke7 29. Qxe8+ Kxe8 30. g8=Q+ Nf8 31. b3 1-0

[Event "Open Portugal 2019"]
[Site "Lisboa POR"]
[Date "2019.02.05"]
[Round "5.103"]
[White "Barros, Arlindo"]
[Black "Takvorian, Richard"]
[Result "1-0"]
[WhiteElo "1603"]
[BlackElo "1898"]
[WhiteFideId "23600640"]
[BlackFideId "663646"]
[WhiteCountry "CPV"]
[BlackCountry "FRA"]
[PlyCount "113"]
[EventDate "2019.02.02"]

1. e4 c5 2. Nf3 Nc6 3. Bb5 e6 4. Bxc6 bxc6 5. d3 d5 6. e5 Ne7 7. O-O Ng6 8. Re1
Be7 9. Nbd2 O-O 10. Nb3 a5 11. Be3 Qb6 12. Rb1 a4 13. Nbd2 h6 14. c3 Ba6 15. d4
cxd4 16. cxd4 Bd3 17. Ra1 Qxb2 18. Qc1 a3 19. Nb3 Bb4 20. Bd2 Bxd2 21. Qxd2 Bf5
22. Re2 Qxd2 23. Rxd2 Ne7 24. Rc1 Rfb8 25. Ne1 Rb4 26. Nc2 Rc4 27. Ne3 Rxc1+ 28.
Nxc1 Be4 29. Nc2 Ra4 30. Nb3 Bg6 31. f3 Nc8 32. Nc5 Ra7 33. Nb4 Ne7 34. Kf2 Kf8
35. g4 Ke8 36. h4 Ra5 37. h5 Bb1 38. Rd1 Bh7 39. Ke3 Rb5 40. Ncd3 Nc8 41. Rc1
Nb6 42. Rxc6 Nc4+ 43. Ke2 Nb2 44. Rc8+ Kd7 45. Ra8 Nc4 46. Ra7+ Ke8 47. Ra8+ Kd7
48. Ra7+ Kc8 49. Rxf7 Bxd3+ 50. Nxd3 Rb2+ 51. Ke1 Rxa2 52. Rxg7 Ra1+ 53. Ke2 a2
54. Ra7 Rh1 55. Rxa2 Rh2+ 56. Nf2 Kd7 57. Kf1 1-0

[Event "Open Portugal 2019"]
[Site "Lisboa POR"]
[Date "2019.02.05"]
[Round "5.104"]
[White "Horta, António"]
[Black "Cavadas, José"]
[Result "0-1"]
[WhiteElo "1887"]
[BlackElo "1580"]
[WhiteFideId "1916971"]
[BlackFideId "1904990"]
[WhiteCountry "POR"]
[BlackCountry "POR"]
[PlyCount "44"]
[EventDate "2019.02.02"]

1. e4 c5 2. Nf3 d6 3. d4 cxd4 4. Nxd4 Nf6 5. Nc3 a6 6. Be2 e6 7. O-O Be7 8. Be3
Qc7 9. a4 Nc6 10. f4 Nxd4 11. Bxd4 e5 12. Be3 Bd7 13. a5 h5 14. Bb6 Qc8 15. fxe5
dxe5 16. Rxf6 Bxf6 17. Nd5 Bd8 18. Ra3 Bg4 19. Rc3 Bxb6+ 20. Nxb6 Qd8 21. Bxg4
hxg4 22. Nxa8 Qxd1 0-1

[Event "Open Portugal 2019"]
[Site "Lisboa POR"]
[Date "2019.02.05"]
[Round "5.105"]
[White "Almeida, Rui Pedro"]
[Black "Serafim Junior, Arnor"]
[Result "1/2-1/2"]
[WhiteElo "1583"]
[BlackElo "1876"]
[WhiteFideId "1949616"]
[BlackFideId "2130750"]
[WhiteCountry "POR"]
[BlackCountry "BRA"]
[PlyCount "105"]
[EventDate "2019.02.02"]

1. e4 c5 2. Nf3 e6 3. d4 cxd4 4. Nxd4 a6 5. Nc3 Qc7 6. Be3 b5 7. a3 Bb7 8. Bd3
Nf6 9. O-O Be7 10. Kh1 O-O 11. f4 d6 12. Qe1 Nbd7 13. Qg3 Rfe8 14. Rae1 Nc5 15.
Bd2 Nxd3 16. cxd3 Rad8 17. Be3 Bf8 18. Rc1 Qb8 19. Nce2 Rc8 20. h3 Rxc1 21. Rxc1
Rc8 22. Rxc8 Bxc8 23. Nc6 Qb7 24. Ned4 Bd7 25. Na5 Qc7 26. b4 Qc3 27. Nab3 Qxd3
28. e5 Nd5 29. Bf2 Qe4 30. exd6 Bxd6 31. Nc5 Qb1+ 32. Be1 Bxf4 33. Qh4 g5 34.
Qf2 Bc8 35. Nf3 h6 36. Qd4 Qf5 37. Bd2 Bxd2 38. Qxd2 Qf4 39. Qd4 Qxd4 40. Nxd4
Ne3 41. Nc6 Kg7 42. Ne7 Nc2 43. Nxc8 Nxa3 44. Nxa6 f5 45. Kg1 f4 46. Kf2 Kf6 47.
Nd6 h5 48. Nc5 Nc2 49. Nd3 Nd4 50. Ne4+ Kg6 51. Nd6 Kf6 52. Ne4+ Kg6 53. Nd6
1/2-1/2

[Event "Open Portugal 2019"]
[Site "Lisboa POR"]
[Date "2019.02.05"]
[Round "5.106"]
[White "Dias, José"]
[Black "Santos, Isabel P"]
[Result "0-1"]
[WhiteElo "1560"]
[BlackElo "1825"]
[WhiteFideId "1923943"]
[BlackFideId "1921681"]
[WhiteCountry "POR"]
[BlackCountry "POR"]
[PlyCount "70"]
[EventDate "2019.02.02"]

1. e4 c6 2. d4 d5 3. Nc3 dxe4 4. Nxe4 Nd7 5. Ng5 e6 6. Bd3 Ngf6 7. N1f3 Bd6 8.
Qe2 O-O 9. Bxh7+ Nxh7 10. Nxh7 Kxh7 11. Ng5+ Kg8 12. Bd2 Qb6 13. O-O-O Nf6 14.
h4 Qa6 15. Qf3 Qxa2 16. Bc3 Qd5 17. Qe2 a5 18. g3 a4 19. f4 b5 20. h5 b4 21. h6
bxc3 22. hxg7 cxb2+ 23. Kb1 Kxg7 24. Qh2 Ng4 25. Qh7+ Kf6 26. Ne4+ Ke7 27. Qh4+
Kd7 28. Nc3 Qf3 29. Rd3 Qg2 30. Re1 Nf2 31. Rd2 Qf3 32. Rf1 Qxc3 33. Rdxf2 a3
34. Ka2 Ba6 35. Rf3 Bc4+ 0-1

[Event "Open Portugal 2019"]
[Site "Lisboa POR"]
[Date "2019.02.05"]
[Round "5.107"]
[White "Gaudin, Bruno"]
[Black "Iasman, Inna"]
[Result "0-1"]
[WhiteElo "1558"]
[BlackElo "1802"]
[WhiteFideId "647861"]
[BlackFideId "24125563"]
[WhiteCountry "FRA"]
[BlackCountry "FRA"]
[PlyCount "98"]
[EventDate "2019.02.02"]

1. e4 c6 2. Nf3 d5 3. Nc3 Bg4 4. h3 Bxf3 5. Qxf3 e6 6. exd5 cxd5 7. d4 Nc6 8.
Bb5 Nf6 9. O-O Qb6 10. Qd3 a6 11. Bxc6+ Qxc6 12. Be3 Bd6 13. Ne2 O-O 14. Rac1
Rac8 15. f3 b5 16. Bf4 Be7 17. g4 h6 18. Kg2 Nh7 19. Rh1 g5 20. Bg3 f5 21. Be5
Qe8 22. Rcf1 Qg6 23. Ng3 Rf7 24. Rf2 Nf8 25. f4 gxf4 26. Rxf4 Bh4 27. c3 Bg5 28.
gxf5 exf5 29. Rf3 f4 30. Qxg6+ Nxg6 31. h4 Nxh4+ 32. Rxh4 Bxh4 33. Nh5 Bg5 34.
Kh3 Kh7 35. Kg4 Rg8 36. Kh3 Rg6 37. Ng3 Rc6 38. Ne2 Kg6 39. Kg2 h5 40. Kh3 Rc8
41. Kg2 h4 42. Kh3 Kh5 43. Ng1 Rg8 44. Ne2 Bh6 45. Nxf4+ Bxf4 46. Rxf4 Rg3+ 47.
Kh2 Rxf4 48. Bxf4 Rf3 49. Be5 Rf2+ 0-1

[Event "Open Portugal 2019"]
[Site "Lisboa POR"]
[Date "2019.02.05"]
[Round "5.108"]
[White "Fielding, Michael"]
[Black "Lages, Duarte"]
[Result "1-0"]
[WhiteElo "1791"]
[BlackElo "1558"]
[WhiteFideId "447269"]
[BlackFideId "2161680"]
[WhiteCountry "ENG"]
[BlackCountry "POR"]
[PlyCount "41"]
[EventDate "2019.02.02"]

1. d4 Nf6 2. c4 e5 3. dxe5 Ng4 4. Bf4 g5 5. Bg3 Bg7 6. Nf3 Nc6 7. Nc3 Ngxe5 8.
Nxe5 Nxe5 9. e4 O-O 10. Qd2 d6 11. h4 f6 12. hxg5 fxg5 13. Qd5+ Nf7 14. O-O-O
Qe7 15. Be2 Qe6 16. Qd2 Ne5 17. Nd5 Qd7 18. Qxg5 h6 19. Rxh6 Qd8 20. Ne7+ Kf7
21. Bh5+ 1-0

[Event "Open Portugal 2019"]
[Site "Lisboa POR"]
[Date "2019.02.05"]
[Round "5.109"]
[White "Correia, Pedro Mourão"]
[Black "García Ortega, Manuel"]
[Result "0-1"]
[WhiteElo "1480"]
[BlackElo "1785"]
[WhiteFideId "1959522"]
[BlackFideId "2227533"]
[WhiteCountry "POR"]
[BlackCountry "ESP"]
[PlyCount "80"]
[EventDate "2019.02.02"]

1. e4 c5 2. Nf3 Nc6 3. Nc3 a6 4. d4 cxd4 5. Nxd4 e5 6. Nf5 d6 7. Ng3 Be6 8. Be3
Nf6 9. Be2 Be7 10. Bf3 Rc8 11. O-O O-O 12. a3 Na5 13. Nd5 Nc4 14. b3 Bxd5 15.
exd5 Nxe3 16. fxe3 Rc3 17. Qd2 Qc7 18. Nf5 Rc8 19. e4 Bf8 20. Qg5 Kh8 21. Nh6
gxh6 22. Qxf6+ Bg7 23. Qh4 Rxc2 24. Bh5 Qc5+ 25. Kh1 Qd4 26. Rad1 Qe3 27. Rde1
Qd2 28. Qg3 f6 29. h4 R2c3 30. Qg4 Rf8 31. Re2 Qd3 32. Ref2 Rxb3 33. Rf3 Qc4 34.
Qe6 Rxf3 35. Rxf3 Qxe4 36. Kg1 Qe1+ 37. Rf1 Qxh4 38. Bf7 h5 39. Rf5 Bh6 40. Rxh5
Be3+ 0-1

[Event "Open Portugal 2019"]
[Site "Lisboa POR"]
[Date "2019.02.05"]
[Round "5.110"]
[White "Rego, João Rui"]
[Black "Marques, Gilles"]
[Result "1-0"]
[WhiteElo "1761"]
[BlackElo "1545"]
[WhiteFideId "1934465"]
[BlackFideId "665517"]
[WhiteCountry "POR"]
[BlackCountry "FRA"]
[PlyCount "73"]
[EventDate "2019.02.02"]

1. e4 e6 2. d3 d5 3. Nd2 c5 4. Ngf3 Nc6 5. g3 Nf6 6. Bg2 Be7 7. O-O dxe4 8. dxe4
e5 9. Qe2 O-O 10. Rd1 Qc7 11. c3 Bg4 12. Nc4 Rad8 13. Bg5 h6 14. Bxf6 Bxf6 15.
Ne3 Be6 16. Nd5 Qc8 17. Qe3 Bxd5 18. exd5 Ne7 19. Nxe5 Nf5 20. Qe2 Rfe8 21. f4
c4 22. Re1 Qc5+ 23. Qf2 Qxf2+ 24. Kxf2 Nd6 25. Bf1 b5 26. Bg2 a5 27. Nc6 Ra8 28.
Rxe8+ Nxe8 29. d6 Kf8 30. Rd1 Bd8 31. Rd5 b4 32. cxb4 axb4 33. Nxb4 Rb8 34. a3
Bf6 35. Rd2 Rb6 36. d7 Nd6 37. Nd5 1-0

[Event "Open Portugal 2019"]
[Site "Lisboa POR"]
[Date "2019.02.05"]
[Round "5.112"]
[White "Barros, Luís"]
[Black "Dong, Fábio"]
[Result "1-0"]
[WhiteElo "1751"]
[BlackElo "1491"]
[WhiteFideId "23600110"]
[BlackFideId "1958020"]
[WhiteCountry "CPV"]
[BlackCountry "POR"]
[PlyCount "65"]
[EventDate "2019.02.02"]

1. e4 c5 2. Nf3 e6 3. c3 Nf6 4. d4 cxd4 5. e5 Nd5 6. cxd4 Nc6 7. Bc4 Nb6 8. Bd3
d6 9. Bb5 Bd7 10. Bg5 Be7 11. Bf4 d5 12. O-O a6 13. Be2 O-O 14. Nc3 h6 15. a3
Qc7 16. Qd3 Nc4 17. b3 Nb6 18. Nd2 Rac8 19. Rfc1 Qb8 20. Bd1 f5 21. Ne2 g5 22.
Qg3 Kf7 23. Qh3 gxf4 24. Qh5+ Kg7 25. Nxf4 Bg5 26. g3 Be8 27. Nxe6+ Kg8 28. Qf3
Bxd2 29. Nxf8 Bxc1 30. Qxf5 Bg5 31. Ne6 Ne7 32. Qf8+ Kh7 33. Qg7# 1-0

[Event "Open Portugal 2019"]
[Site "Lisboa POR"]
[Date "2019.02.05"]
[Round "5.113"]
[White "Aizpurua Zufiria, Iñaki"]
[Black "Silva, Tiago Alexandre"]
[Result "0-1"]
[WhiteElo "1434"]
[BlackElo "1750"]
[WhiteFideId "2269791"]
[BlackFideId "1935321"]
[WhiteCountry "ESP"]
[BlackCountry "POR"]
[PlyCount "48"]
[EventDate "2019.02.02"]

1. f4 d5 2. Nf3 Nf6 3. e3 g6 4. Be2 Bg7 5. d3 c5 6. O-O Nc6 7. Qe1 Bd7 8. Kh1
Qc7 9. a4 b6 10. Nbd2 O-O 11. Qh4 Nb4 12. Bd1 c4 13. dxc4 dxc4 14. Ne5 c3 15.
bxc3 Qxc3 16. Ra3 Qc7 17. c3 Nc6 18. Nxd7 Qxd7 19. Bf3 Rac8 20. Qe1 Na5 21. Qe2
Rfd8 22. Rd1 Qd3 23. Qxd3 Rxd3 24. Ne4 Rxd1+ 0-1

[Event "Open Portugal 2019"]
[Site "Lisboa POR"]
[Date "2019.02.05"]
[Round "5.114"]
[White "Haisma, Henk"]
[Black "Voges, Guilherme"]
[Result "1-0"]
[WhiteElo "1727"]
[BlackElo "1455"]
[WhiteFideId "1038486"]
[BlackFideId "1947680"]
[WhiteCountry "NED"]
[BlackCountry "POR"]
[PlyCount "99"]
[EventDate "2019.02.02"]

1. b4 e5 2. a3 d6 3. e3 Be6 4. Nf3 g6 5. c4 Bg7 6. e4 Nf6 7. d3 O-O 8. Bg5 Qd7
9. Nc3 h6 10. Be3 Nc6 11. h3 Kh7 12. Qd2 Ne7 13. g4 c6 14. g5 Nfg8 15. gxh6 Bxh6
16. Bxh6 Nxh6 17. Be2 Kg7 18. O-O-O Rh8 19. Ng5 Rad8 20. Rdg1 Nhg8 21. Nxe6+
Qxe6 22. Bg4 Qf6 23. Bd1 d5 24. c5 dxe4 25. Nxe4 Qe6 26. Rg3 Nf6 27. Ng5 Qd5 28.
Rhg1 e4 29. Qc3 exd3 30. Bb3 d2+ 31. Kd1 Qf5 32. Nxf7 Ned5 33. Bxd5 Rxd5 34.
Nxh8 Qb1+ 35. Ke2 d1=Q+ 36. Rxd1 Qxd1+ 37. Ke3 Rf5 38. Nxg6 Kh6 39. Ne7 Qd7 40.
Nxf5+ Qxf5 41. Ke2 Kh7 42. Qd3 Ne4 43. Rf3 Qe6 44. Re3 Qa2+ 45. Kf3 Qxf2+ 46.
Kxe4 Qh4+ 47. Ke5+ Kh8 48. Qf5 Qe7+ 49. Kf4 Qh4+ 50. Kf3 1-0

[Event "Open Portugal 2019"]
[Site "Lisboa POR"]
[Date "2019.02.05"]
[Round "5.115"]
[White "Lohia, Sohum"]
[Black "Yushko, Igor"]
[Result "0-1"]
[WhiteElo "1727"]
[BlackElo "1389"]
[WhiteFideId "5819369"]
[BlackFideId "14156270"]
[WhiteCountry "ENG"]
[BlackCountry "UKR"]
[PlyCount "148"]
[EventDate "2019.02.02"]
[Annotator "inc. 87"]

1. e4 d6 2. g3 Nf6 3. Bg2 e5 4. Ne2 Be6 5. d3 Qd7 6. O-O h5 7. h4 Bh3 8. c4 Bxg2
9. Kxg2 Nh7 10. Rh1 Nc6 11. Nbc3 Be7 12. Nd5 Nf6 13. Nxf6+ Bxf6 14. Nc3 Ne7 15.
Be3 a6 16. a4 g6 17. b4 Bg7 18. b5 a5 19. d4 O-O-O 20. d5 b6 21. Nb1 f5 22. f3
Rdg8 23. Bg5 f4 24. Qc1 fxg3 25. Kxg3 Rf8 26. Nd2 Bf6 27. Nf1 Qe8 28. Nh2 Bxg5
29. Qxg5 Rf4 30. c5 bxc5 31. Rab1 Kb7 32. b6 cxb6 33. Rb5 Kc7 34. Rhb1 Nc8 35.
Nf1 Qf7 36. Nd2 Rf8 37. R1b3 Kd7 38. Kg2 Kc7 39. Kg3 Kb7 40. Kg2 Kc7 41. Qg3 Qf6
42. Qg5 Qf7 43. Qg3 Qf6 44. Qg5 Rxh4 45. Qxf6 Rxf6 46. Nc4 Rhf4 47. Nxb6 Rf8 48.
Na8+ Kd7 49. Rb8 R4f7 50. R3b7+ Kd8 51. Rxf7 Rxf7 52. Nb6 Rc7 53. Nxc8 Rxc8 54.
Rb6 Kd7 55. Kf2 c4 56. Ke2 c3 57. Kd1 c2+ 58. Kc1 h4 59. Rb7+ Rc7 60. Rb8 Rc8
61. Rb7+ Rc7 62. Rb8 Rc3 63. Rh8 g5 64. Rh5 Rxf3 65. Rxg5 h3 66. Rh5 Ra3 67.
Kxc2 h2 68. Kb1 Rxa4 69. Rxh2 Rxe4 70. Rh7+ Kd8 71. Ra7 a4 72. Ra6 Kc7 73. Rc6+
Kd7 74. Ra6 Rb4+ 0-1